000 01405cam a22004574i 4500
003 PE-LiUPU
005 20250731172718.0
008 150617s1971 sp r 000 0 spa d
035 _a(Sirsi) a10961
040 _aPE-LiUPU
_bspa
_cPE-LiUPU
_erda
049 _aPRUA
082 0 4 _a220.1
_bR148r
_223
100 1 _aRahner, Karl,
_eautor.
245 1 0 _aRevelación y Tradición /
_cKarl Rahner.
264 1 _aBarcelona :
_bHerder,
_c1971.
300 _a77 páginas ;
_c21 centímetros.
336 _atext
_2rdacontent
337 _aunmediated
_2rdamedia
338 _avolume
_2rdacarrier
490 0 _a(Quaestiones disputatae)
505 0 _aObservaciones sobre el concepto de revelación -- Ensayo sobre el concepto de tradición: Analisis del concepto de tradición, Interpretación del decreto tridentino sobre la tradición.
526 _aSEG42
526 _aSEG41
526 _aSEG40
526 _aSEG39
526 _aP94
526 _aP87
526 _aP86
526 _aP85
526 _aP77
526 _aP76
526 _aP35
650 1 4 _aIinterpretación de la biblia.
650 2 4 _aRevelación en la biblia
_xTeología Dogmatica.
700 1 _aRatzinger, Joseph,
_eautor.
910 _ajck
942 _2ddc
_cBK
999 _c1060
_d1060
980 _81
_gALBERTO SANCHEZ Responsable de Automatización